Property Transaction in the Digital Age (Record no. 115341)

MARC details
000 -LEADER
fixed length control field 02795cad a22003135a 4500
001 - CONTROL NUMBER
control field L158489
008 - FIXED-LENGTH DATA ELEMENTS--GENERAL INFORMATION
fixed length control field 120330s2011 xxk f 100 0 eng d
035 ## - SYSTEM CONTROL NUMBER
System control number (Sirsi) u158489
041 0# - LANGUAGE CODE
Language code of text/sound track or separate title eng
100 1# - MAIN ENTRY--PERSONAL NAME
Personal name Kotter, Theo
111 2# - MAIN ENTRY--MEETING NAME
Meeting name or jurisdiction name as entry element Property Transaction in the Digital Age
Location of meeting Institute of Geodesy and Geoinformation Rheinische Friedrich-Wilhelms-University Bonn
Date of meeting or treaty signing 09 September 2010
245 04 - TITLE STATEMENT
Title Property Transaction in the Digital Age
Medium [electronic resource]
260 ## - PUBLICATION, DISTRIBUTION, ETC.
Place of publication, distribution, etc. Bonn
Name of publisher, distributor, etc. Rheinische Friedrich-Wilhelms-University
Date of publication, distribution, etc. 2011
505 2# - FORMATTED CONTENTS NOTE
Formatted contents note Introduction -- The Digital Transaction: A Core Procedure of the Economy -- Service Innovation: Strong Impact on the Economy and Society -- German situation: an inspiring example -- The Property Cadastre in the Context of Spatial Data Infrastructure (SDI) -- Land Register -- A View on German Property Market Transparency -- International situation: a look beyond the German border -- Cadastre and Land Registration in Europe -- International Situation: A political Need Worldwide -- Geo-Information in the Kingdom of Saudi Arabia -- Mortgaging: an important link to the economy Public Disclosure Requirements of Trust with Security Rights over Real Property in an European Comparison -- Property Finance Based on Covered Bonds and Sukuk: Requirements in Respect of Legal Certainty of Property Rights -- Workshop 1: Security and Efficiency -- Workshop 2: Replication Strategies -- Final remark.
520 ## - SUMMARY, ETC.
Summary, etc. Research points out the key principles and best practices that are necessary for installing a functional and effective real estate transaction system. Especially for societies who are just about to build up a real estate market information system in their own country this is very interesting. They can learn from Germany's experience. As experiences in countries like Germany show transactions can be accelerated through digital services and thus be made more cost-efficient. They are creating financial resources and leading to progressive process innovations. Demand for information for security rights over real estate is increasing. The legally secured documentation of real estate is essential for a successful operation of property transaction.
521 2# - TARGET AUDIENCE NOTE
Target audience note Advanced
590 ## - LOCAL NOTE (RLIN)
Local note KA
650 24 - SUBJECT ADDED ENTRY--TOPICAL TERM
Topical term or geographic name entry element PROPERTY TRANSACTIONS
650 24 - SUBJECT ADDED ENTRY--TOPICAL TERM
Topical term or geographic name entry element SPATIAL DATA
650 24 - SUBJECT ADDED ENTRY--TOPICAL TERM
Topical term or geographic name entry element PROPERTY MARKETS
651 #4 - SUBJECT ADDED ENTRY--GEOGRAPHIC NAME
Geographic name Germany
690 ## - LOCAL SUBJECT ADDED ENTRY--TOPICAL TERM (OCLC, RLIN)
Topical term or geographic name as entry element Commercial property
9 (RLIN) 6227
690 ## - LOCAL SUBJECT ADDED ENTRY--TOPICAL TERM (OCLC, RLIN)
Topical term or geographic name as entry element Residential property
9 (RLIN) 6266
700 1# - ADDED ENTRY--PERSONAL NAME
Personal name Kropp, Sebastian
700 1# - ADDED ENTRY--PERSONAL NAME
Personal name Rox, Thomas
710 1# - ADDED ENTRY--CORPORATE NAME
Corporate name or jurisdiction name as entry element Centre for Innovation and Technology in North-Rhine Westphalia, ZENITH GmbH
856 40 - ELECTRONIC LOCATION AND ACCESS
Uniform Resource Identifier <a href="https://www.igg.uni-bonn.de/psb/uploads/media/Conference_Volume_Property_Transaction.pdf">https://www.igg.uni-bonn.de/psb/uploads/media/Conference_Volume_Property_Transaction.pdf</a>
Public note View the item free of charge at the www.igg.uni-bonn.de website.
942 ## - ADDED ENTRY ELEMENTS (KOHA)
Suppress in OPAC 0
Holdings
Withdrawn status Lost status Source of classification or shelving scheme Damaged status Not for loan Home library Current library Shelving location Date acquired Total Checkouts Full call number Barcode Date last seen Copy number Price effective from Koha item type
    Dewey Decimal Classification     Virtual Virtual Online 18/03/2015   ONLINE PUBLICATION 158489-2001 06/08/2019 1 06/08/2019 Book